| 000 | 00384nam a22001577a 4500 | ||
|---|---|---|---|
| 005 | 20160518143509.0 | ||
| 008 | 160518b xxu||||| |||| 00| 0 eng d | ||
| 041 | _aeng | ||
| 082 | _b2953 | ||
| 100 |
_aGhanekar Anjali _9756 |
||
| 245 | _aBusiness Communication Skills | ||
| 260 |
_aPune _bEverest Publishing house _c2010 |
||
| 300 | _a475 | ||
| 650 |
_aManagement _9241 |
||
| 942 | _cBK | ||
| 999 |
_c1033 _d1033 |
||